Modelos sociolingüísticos
Uloženo v:
| Hlavní autor: | |
|---|---|
| Médium: | Kniha |
| Jazyk: | španělština |
| Vydáno: |
Madrid
Cátedra
1983
|
| Témata: | |
| Tagy: |
Přidat tag
Žádné tagy, Buďte první, kdo vytvoří štítek k tomuto záznamu!
|
MARC
| LEADER | 00000nam a2200000 a 4500 | ||
|---|---|---|---|
| 001 | UCJ2853 | ||
| 003 | CL-VaPUC | ||
| 008 | 070119e19830000SP |||||||||||||||||spa|d | ||
| 020 | |a 8437604281 | ||
| 082 | 0 | 4 | |a 306.44 |b LAB |2 21 |
| 100 | |a Labov, William |e author |9 534429 | ||
| 245 | 1 | 0 | |a Modelos sociolingüísticos |
| 300 | |a 411 p | ||
| 942 | |c BK | ||
| 945 | |d 20070119 00:00:00 |a jtorresc | ||
| 260 | |a Madrid |b Cátedra |c 1983 | ||
| 500 | |a Donación de la Dra. Marianne Peronard Thierry | ||
| 650 | 0 | |a Sociolingüística |9 263716 | |
| 650 | 7 | |a LINGUISTICA DESCRIPTIVA |2 CL-VaPUC |9 503880 | |
| 650 | 0 | |a Estratificación social |9 337692 | |
| 650 | 7 | |a DIALECTOS |2 CL-VaPUC |9 348323 | |
| 650 | 0 | |a Cambio lingüístico |9 316396 | |
| 583 | |a last modification |c 20070119 00:00:00 |k Rodrigo Vera | ||
| 999 | |c 318982 |d 318980 | ||
| 952 | |0 0 |1 0 |4 0 |6 306_440000000000000_LAB_1983 |7 0 |8 A |9 397204 |a FDOPOS |b FDOPOS |d 2019-11-22 |i 4316657 |o 306.44 LAB 1983 |p 4316657 |r 2025-01-22 |w 2019-11-22 |y BK |k MLA | ||